000 00451cam a2200181ua 4500
020 _c150.00
041 _aeng
_h
082 _a028.7363
_bKAM/DI
100 _aKamath, M G .
245 _aDictionary of Indian agriculture /
_cM G Kamath.
_hTextual Documents
250 _a1 /
_b.
260 _aMumbai :
_bAllied Publishers Pvt Ltd ,
_c1992.
300 _a607 ; .
365 _a150.00
504 _a
942 _cBK
999 _c9219
_d9219